[Event "Team Championship of Russia (rapid)"]
[Site "Sochi"]
[Date "2015.05.08"]
[Round "3.3"]
[White "Bocharov, Dmitry"]
[Black "Grachev, Boris"]
[Result "1/2-1/2"]
[LiveChessVersion "1.4.4"]
[BlackElo "2665"]
[WhiteElo "2553"]
[BlackTeam "SHSM-Our Heritage-1"]
[WhiteTeam "Siberia"]

1. Nf3 {[%clk 0:15:00]} d5 {[%clk 0:15:19]} 2. e3 {[%clk 0:15:08]} Nf6
{[%clk 0:15:04]} 3. b3 {[%clk 0:14:59]} Bf5 {[%clk 0:15:02]} 4. Nh4
{[%clk 0:14:26]} Bg4 {[%clk 0:14:35]} 5. f3 {[%clk 0:14:32]} Bc8 {[%clk 0:14:36]}
6. f4 {[%clk 0:14:01]} d4 {[%clk 0:14:08]} 7. Bd3 {[%clk 0:13:23]} Nc6
{[%clk 0:13:18]} 8. O-O {[%clk 0:11:12]} e5 {[%clk 0:12:49]} 9. Bb5
{[%clk 0:05:59]} exf4 {[%clk 0:10:54]} 10. exf4 {[%clk 0:05:42]} Be7
{[%clk 0:10:35]} 11. Nf3 {[%clk 0:05:25]} O-O {[%clk 0:09:43]} 12. Bxc6
{[%clk 0:05:10]} bxc6 {[%clk 0:09:50]} 13. d3 {[%clk 0:04:42]} c5
{[%clk 0:08:57]} 14. Nbd2 {[%clk 0:04:44]} Bb7 {[%clk 0:08:16]} 15. Nc4
{[%clk 0:04:50]} Bd6 {[%clk 0:07:59]} 16. Bd2 {[%clk 0:04:54]} Re8
{[%clk 0:08:01]} 17. Nfe5 {[%clk 0:04:52]} Qc8 {[%clk 0:06:48]} 18. Qe1
{[%clk 0:03:54]} Qf5 {[%clk 0:06:06]} 19. Qh4 {[%clk 0:03:35]} Re7
{[%clk 0:04:39]} 20. Rae1 {[%clk 0:03:22]} Rae8 {[%clk 0:04:48]} 21. h3
{[%clk 0:03:22]} h6 {[%clk 0:04:41]} 22. g4 {[%clk 0:01:55]} Qc8 {[%clk 0:04:10]}
23. Re2 {[%clk 0:01:18]} Nd7 {[%clk 0:03:17]} 24. Ref2 {[%clk 0:01:18]} Bd5
{[%clk 0:02:36]} 25. Nxd7 {[%clk 0:00:39]} Qxd7 {[%clk 0:02:41]} 26. g5
{[%clk 0:00:47]} Qf5 {[%clk 0:01:58]} 27. Nxd6 {[%clk 0:00:34]} cxd6
{[%clk 0:02:06]} 28. gxh6 {[%clk 0:00:43]} gxh6 {[%clk 0:01:10]} 29. Qg4+
{[%clk 0:00:28]} Qxg4+ {[%clk 0:00:53]} 30. hxg4 {[%clk 0:00:37]} f5
{[%clk 0:00:34]} 31. g5 {[%clk 0:00:36]} Kg7 {[%clk 0:00:21]} 1/2-1/2

[Event "Team Championship of Russia (rapid)"]
[Site "Sochi"]
[Date "2015.05.08"]
[Round "3.4"]
[White "Inarkiev, Ernesto"]
[Black "Maletin, Pavel"]
[Result "1-0"]
[LiveChessVersion "1.4.4"]
[BlackElo "2540"]
[WhiteElo "2611"]
[BlackTeam "Siberia"]
[WhiteTeam "SHSM-Our Heritage-1"]

1. e4 {[%clk 0:15:18]} c5 {[%clk 0:15:18]} 2. Nf3 {[%clk 0:15:26]} e6
{[%clk 0:15:28]} 3. Nc3 {[%clk 0:15:34]} Nc6 {[%clk 0:15:36]} 4. d4
{[%clk 0:15:42]} cxd4 {[%clk 0:15:45]} 5. Nxd4 {[%clk 0:15:51]} Qc7
{[%clk 0:15:54]} 6. Be3 {[%clk 0:15:56]} a6 {[%clk 0:16:02]} 7. Be2
{[%clk 0:15:59]} Nf6 {[%clk 0:16:09]} 8. a3 {[%clk 0:16:07]} b5 {[%clk 0:15:59]}
9. Nxc6 {[%clk 0:16:14]} dxc6 {[%clk 0:16:07]} 10. f4 {[%clk 0:16:22]} Be7
{[%clk 0:16:03]} 11. e5 {[%clk 0:16:16]} Nd5 {[%clk 0:15:32]} 12. Nxd5
{[%clk 0:16:24]} exd5 {[%clk 0:15:31]} 13. O-O {[%clk 0:16:30]} O-O
{[%clk 0:15:27]} 14. Bd3 {[%clk 0:15:30]} f5 {[%clk 0:14:23]} 15. exf6
{[%clk 0:14:31]} Bxf6 {[%clk 0:14:24]} 16. c3 {[%clk 0:13:47]} Qe7
{[%clk 0:13:07]} 17. Qf3 {[%clk 0:13:45]} Qd6 {[%clk 0:12:24]} 18. Rae1
{[%clk 0:12:45]} d4 {[%clk 0:11:04]} 19. cxd4 {[%clk 0:11:49]} Bxd4
{[%clk 0:10:57]} 20. Bxh7+ {[%clk 0:11:34]} Kxh7 {[%clk 0:10:54]} 21. Qe4+
{[%clk 0:11:43]} Bf5 {[%clk 0:10:58]} 22. Qxd4 {[%clk 0:11:51]} Qxd4
{[%clk 0:10:57]} 23. Bxd4 {[%clk 0:12:00]} Rad8 {[%clk 0:11:06]} 24. Bc3
{[%clk 0:11:47]} Rf7 {[%clk 0:10:57]} 25. Re5 {[%clk 0:11:45]} Rd5
{[%clk 0:10:54]} 26. Rfe1 {[%clk 0:11:46]} Rxe5 {[%clk 0:08:50]} 27. Rxe5
{[%clk 0:11:46]} Bd7 {[%clk 0:07:10]} 28. g3 {[%clk 0:11:39]} g6 {[%clk 0:06:25]}
29. Kg2 {[%clk 0:11:22]} Kg8 {[%clk 0:06:32]} 30. b4 {[%clk 0:10:14]} Rf5
{[%clk 0:06:33]} 31. Re7 {[%clk 0:10:23]} Rf7 {[%clk 0:06:42]} 32. Re3
{[%clk 0:10:31]} Rh7 {[%clk 0:06:08]} 33. h4 {[%clk 0:09:31]} Kf7
{[%clk 0:04:58]} 34. Be5 {[%clk 0:08:04]} Be6 {[%clk 0:04:58]} 35. Rc3
{[%clk 0:07:44]} Bd5+ {[%clk 0:04:54]} 36. Kh3 {[%clk 0:07:40]} Ke6
{[%clk 0:04:57]} 37. Re3 {[%clk 0:07:25]} Rd7 {[%clk 0:04:23]} 38. Kg4
{[%clk 0:06:54]} Bc4 {[%clk 0:03:25]} 39. Kg5 {[%clk 0:05:32]} Kf7
{[%clk 0:03:22]} 40. g4 {[%clk 0:05:16]} Rd2 {[%clk 0:03:07]} 41. h5
{[%clk 0:04:39]} gxh5 {[%clk 0:03:06]} 42. Kxh5 {[%clk 0:04:47]} Rg2
{[%clk 0:01:57]} 43. f5 {[%clk 0:04:56]} Be2 {[%clk 0:01:29]} 44. Bg3
{[%clk 0:03:33]} Bd1 {[%clk 0:01:11]} 45. Kh4 {[%clk 0:03:31]} Rg1
{[%clk 0:01:13]} 46. Re1 {[%clk 0:03:23]} Rxe1 {[%clk 0:01:16]} 47. Bxe1
{[%clk 0:03:32]} Kf6 {[%clk 0:01:06]} 48. Bc3+ {[%clk 0:03:39]} Ke7
{[%clk 0:01:15]} 49. Be5 {[%clk 0:03:42]} 1-0

[Event "Team Championship of Russia (rapid)"]
[Site "Sochi"]
[Date "2015.05.08"]
[Round "3.5"]
[White "Sjugirov, Sanan"]
[Black "Chigaev, Maksim"]
[Result "1-0"]
[LiveChessVersion "1.4.4"]
[BlackElo "2562"]
[WhiteElo "2721"]
[WhiteTeam "Zhiguli"]

1. d4 {[%clk 0:15:17]} Nf6 {[%clk 0:15:08]} 2. c4 {[%clk 0:15:26]} g6
{[%clk 0:15:27]} 3. f3 {[%clk 0:15:33]} e5 {[%clk 0:14:52]} 4. dxe5
{[%clk 0:15:35]} Nh5 {[%clk 0:15:01]} 5. Nh3 {[%clk 0:15:32]} Bc5
{[%clk 0:14:16]} 6. Bg5 {[%clk 0:15:21]} Be7 {[%clk 0:14:24]} 7. Qd2
{[%clk 0:15:10]} Nc6 {[%clk 0:14:03]} 8. Nc3 {[%clk 0:14:15]} Nxe5
{[%clk 0:12:07]} 9. Bxe7 {[%clk 0:14:20]} Qxe7 {[%clk 0:12:15]} 10. Nd5
{[%clk 0:14:26]} Qd8 {[%clk 0:12:17]} 11. g4 {[%clk 0:10:29]} c6 {[%clk 0:11:12]}
12. Qc3 {[%clk 0:09:53]} d6 {[%clk 0:10:44]} 13. Ne3 {[%clk 0:09:37]} O-O
{[%clk 0:10:44]} 14. O-O-O {[%clk 0:09:44]} Nf6 {[%clk 0:09:27]} 15. c5
{[%clk 0:09:50]} Re8 {[%clk 0:09:06]} 16. Rxd6 {[%clk 0:07:54]} Qe7
{[%clk 0:09:15]} 17. Nf2 {[%clk 0:07:35]} b6 {[%clk 0:07:54]} 18. g5
{[%clk 0:07:32]} Nd5 {[%clk 0:08:02]} 19. Rxd5 {[%clk 0:06:24]} Nxf3
{[%clk 0:05:50]} 20. Neg4 {[%clk 0:05:47]} Bxg4 {[%clk 0:04:24]} 21. Nxg4
{[%clk 0:05:56]} 1-0

[Event "Team Championship of Russia (rapid)"]
[Site "Sochi"]
[Date "2015.05.08"]
[Round "3.6"]
[White "Levin, Evgeny A."]
[Black "Bukavshin, Ivan"]
[Result "1/2-1/2"]
[LiveChessVersion "1.4.4"]
[BlackElo "2667"]
[WhiteElo "2609"]
[BlackTeam "Zhiguli"]

1. d4 {[%clk 0:15:19]} d5 {[%clk 0:15:19]} 2. c4 {[%clk 0:15:27]} e6
{[%clk 0:15:28]} 3. Nc3 {[%clk 0:15:34]} c6 {[%clk 0:15:37]} 4. e3
{[%clk 0:15:40]} Nf6 {[%clk 0:15:45]} 5. Bd2 {[%clk 0:15:15]} Bd6
{[%clk 0:15:31]} 6. Rc1 {[%clk 0:15:22]} O-O {[%clk 0:15:37]} 7. c5
{[%clk 0:14:14]} Bc7 {[%clk 0:15:38]} 8. f4 {[%clk 0:14:22]} b6 {[%clk 0:15:27]}
9. b4 {[%clk 0:14:28]} a5 {[%clk 0:15:34]} 10. a3 {[%clk 0:13:49]} axb4
{[%clk 0:15:36]} 11. axb4 {[%clk 0:13:58]} bxc5 {[%clk 0:15:45]} 12. bxc5
{[%clk 0:14:07]} Ba6 {[%clk 0:15:49]} 13. Bxa6 {[%clk 0:13:46]} Nxa6
{[%clk 0:15:24]} 14. Nf3 {[%clk 0:13:51]} Ba5 {[%clk 0:15:16]} 15. O-O
{[%clk 0:12:47]} Bxc3 {[%clk 0:15:17]} 16. Bxc3 {[%clk 0:12:55]} Ne4
{[%clk 0:15:16]} 17. Ne5 {[%clk 0:12:53]} Qe8 {[%clk 0:15:00]} 18. Ba5
{[%clk 0:11:42]} f6 {[%clk 0:12:53]} 19. Nd3 {[%clk 0:11:50]} Naxc5
{[%clk 0:10:50]} 20. Nxc5 {[%clk 0:11:54]} Rxa5 {[%clk 0:10:58]} 21. Nxe4
{[%clk 0:12:00]} dxe4 {[%clk 0:11:07]} 22. Qc2 {[%clk 0:12:09]} f5
{[%clk 0:11:09]} 23. Qxc6 {[%clk 0:12:13]} Qxc6 {[%clk 0:10:22]} 24. Rxc6
{[%clk 0:12:21]} Kf7 {[%clk 0:10:28]} 1/2-1/2

[Event "Team Championship of Russia (rapid)"]
[Site "Sochi"]
[Date "2015.05.08"]
[Round "3.7"]
[White "Frolyanov, Dmitry"]
[Black "Usmanov, Vasily"]
[Result "0-1"]
[LiveChessVersion "1.4.4"]
[BlackElo "2526"]
[WhiteElo "2614"]

1. e4 {[%clk 0:15:18]} c5 {[%clk 0:15:19]} 2. Nf3 {[%clk 0:15:26]} Nc6
{[%clk 0:15:27]} 3. Bb5 {[%clk 0:15:32]} g6 {[%clk 0:15:34]} 4. Bxc6
{[%clk 0:15:35]} bxc6 {[%clk 0:15:42]} 5. O-O {[%clk 0:15:39]} Bg7
{[%clk 0:15:48]} 6. Re1 {[%clk 0:15:46]} d6 {[%clk 0:15:40]} 7. h3
{[%clk 0:15:36]} f6 {[%clk 0:15:41]} 8. c3 {[%clk 0:15:31]} Nh6 {[%clk 0:15:49]}
9. d4 {[%clk 0:15:33]} cxd4 {[%clk 0:15:56]} 10. cxd4 {[%clk 0:15:41]} Nf7
{[%clk 0:16:03]} 11. b3 {[%clk 0:15:28]} O-O {[%clk 0:16:09]} 12. Bb2
{[%clk 0:15:36]} Qa5 {[%clk 0:16:11]} 13. Nbd2 {[%clk 0:15:30]} Qh5
{[%clk 0:15:28]} 14. Nc4 {[%clk 0:15:17]} g5 {[%clk 0:15:02]} 15. Ne3
{[%clk 0:15:11]} Nh6 {[%clk 0:14:50]} 16. d5 {[%clk 0:12:05]} c5 {[%clk 0:14:39]}
17. Nf1 {[%clk 0:11:52]} Qg6 {[%clk 0:13:44]} 18. N3h2 {[%clk 0:11:43]} g4
{[%clk 0:13:34]} 19. hxg4 {[%clk 0:11:18]} Nxg4 {[%clk 0:13:42]} 20. Nxg4
{[%clk 0:11:25]} Bxg4 {[%clk 0:13:50]} 21. Qd3 {[%clk 0:11:28]} Bh6
{[%clk 0:13:31]} 22. Bc1 {[%clk 0:08:05]} Rf7 {[%clk 0:12:32]} 23. Ng3
{[%clk 0:08:00]} Bxc1 {[%clk 0:12:17]} 24. Raxc1 {[%clk 0:08:07]} Rg7
{[%clk 0:12:25]} 25. Rc2 {[%clk 0:04:59]} Kh8 {[%clk 0:12:18]} 26. Re3
{[%clk 0:03:44]} Rag8 {[%clk 0:12:10]} 27. Qf1 {[%clk 0:02:42]} h5
{[%clk 0:11:43]} 28. f4 {[%clk 0:01:23]} h4 {[%clk 0:11:13]} 29. Nh1
{[%clk 0:01:31]} Bh5 {[%clk 0:10:57]} 30. Qf2 {[%clk 0:01:12]} Qg4
{[%clk 0:09:41]} 31. Rd2 {[%clk 0:01:17]} h3 {[%clk 0:08:54]} 32. Rg3
{[%clk 0:01:05]} Qxg3 {[%clk 0:08:08]} 33. Nxg3 {[%clk 0:01:13]} Rxg3
{[%clk 0:08:17]} 34. Qe1 {[%clk 0:00:48]} Bf3 {[%clk 0:08:21]} 35. e5
{[%clk 0:00:21]} Rxg2+ {[%clk 0:08:10]} 36. Rxg2 {[%clk 0:00:29]} Rxg2+
{[%clk 0:08:19]} 37. Kf1 {[%clk 0:00:39]} Be2+ {[%clk 0:08:28]} 0-1

[Event "Team Championship of Russia (rapid)"]
[Site "Sochi"]
[Date "2015.05.08"]
[Round "3.8"]
[White "Palchun, Grigory"]
[Black "Brodsky, Michail"]
[Result "0-1"]
[LiveChessVersion "1.4.4"]
[BlackElo "2544"]
[WhiteElo "2330"]

1. d4 {[%clk 0:15:19]} Nf6 {[%clk 0:15:19]} 2. Nf3 {[%clk 0:15:28]} e6
{[%clk 0:15:28]} 3. Bf4 {[%clk 0:15:37]} b6 {[%clk 0:15:34]} 4. e3
{[%clk 0:15:43]} Bb7 {[%clk 0:15:42]} 5. h3 {[%clk 0:15:44]} Be7 {[%clk 0:15:43]}
6. Nbd2 {[%clk 0:15:28]} c5 {[%clk 0:15:50]} 7. c3 {[%clk 0:15:37]} cxd4 8. exd4
{[%clk 0:15:42]} Nc6 {[%clk 0:15:52]} 9. Bd3 {[%clk 0:15:51]} O-O
{[%clk 0:15:59]} 10. O-O {[%clk 0:15:59]} Nd5 {[%clk 0:16:02]} 11. Bh2
{[%clk 0:16:00]} Rc8 {[%clk 0:15:57]} 12. Nc4 {[%clk 0:15:48]} d6
{[%clk 0:16:01]} 13. Ne3 {[%clk 0:15:57]} Na5 {[%clk 0:15:45]} 14. Qe2
{[%clk 0:15:33]} Re8 {[%clk 0:15:22]} 15. Nd2 {[%clk 0:14:54]} Nf6
{[%clk 0:15:31]} 16. Ba6 {[%clk 0:14:47]} Bxa6 {[%clk 0:15:22]} 17. Qxa6
{[%clk 0:14:53]} Qd7 {[%clk 0:15:30]} 18. Ndc4 {[%clk 0:14:00]} Nxc4
{[%clk 0:14:56]} 19. Nxc4 {[%clk 0:14:08]} b5 {[%clk 0:15:03]} 20. Ne3
{[%clk 0:13:32]} Rb8 {[%clk 0:14:57]} 21. Qa3 {[%clk 0:11:11]} d5
{[%clk 0:14:27]} 22. Qb3 {[%clk 0:11:18]} Rb6 {[%clk 0:14:35]} 23. a3
{[%clk 0:11:22]} a5 {[%clk 0:14:34]} 24. f4 {[%clk 0:11:25]} Ne4 {[%clk 0:14:36]}
25. Qc2 {[%clk 0:11:20]} f5 {[%clk 0:14:40]} 26. g4 {[%clk 0:10:52]} g6
{[%clk 0:14:03]} 27. Kh1 {[%clk 0:10:42]} Kh8 {[%clk 0:14:07]} 28. Nd1
{[%clk 0:09:53]} Bh4 {[%clk 0:13:21]} 29. g5 {[%clk 0:09:51]} h6 {[%clk 0:13:30]}
30. gxh6 {[%clk 0:09:46]} Qh7 {[%clk 0:13:28]} 31. Rf3 {[%clk 0:08:42]} Qxh6
{[%clk 0:13:27]} 32. Bg1 {[%clk 0:08:45]} Rg8 {[%clk 0:13:15]} 33. Be3
{[%clk 0:07:58]} Rb7 {[%clk 0:13:08]} 34. a4 {[%clk 0:07:21]} g5 {[%clk 0:12:49]}
35. fxg5 {[%clk 0:07:24]} Bxg5 {[%clk 0:12:58]} 36. Qh2 {[%clk 0:06:53]} bxa4
{[%clk 0:11:15]} 37. h4 {[%clk 0:05:52]} Bxe3 {[%clk 0:11:20]} 38. Nxe3
{[%clk 0:06:00]} Rbg7 {[%clk 0:11:25]} 39. Nf1 {[%clk 0:04:33]} Rg4
{[%clk 0:11:07]} 40. h5 {[%clk 0:04:35]} Qg5 {[%clk 0:10:51]} 0-1

[Event "Team Championship of Russia (rapid)"]
[Site "Sochi"]
[Date "2015.05.08"]
[Round "3.9"]
[White "Svidler, Peter"]
[Black "Golubov, Saveliy"]
[Result "1/2-1/2"]
[LiveChessVersion "1.4.4"]
[BlackElo "2440"]
[WhiteElo "2649"]
[BlackTeam "SHK Rakita"]
[WhiteTeam "The Bronze Horseman"]

1. Nf3 {[%clk 0:15:18]} d5 {[%clk 0:15:18]} 2. g3 {[%clk 0:15:27]} Nf6
{[%clk 0:15:23]} 3. Bg2 {[%clk 0:15:34]} e6 {[%clk 0:15:32]} 4. O-O
{[%clk 0:15:39]} Be7 {[%clk 0:15:40]} 5. d3 {[%clk 0:15:46]} O-O {[%clk 0:15:48]}
6. Nbd2 {[%clk 0:15:50]} c5 {[%clk 0:15:54]} 7. e4 {[%clk 0:15:54]} Nc6
{[%clk 0:16:00]} 8. Re1 {[%clk 0:15:55]} dxe4 {[%clk 0:15:59]} 9. dxe4
{[%clk 0:16:03]} e5 {[%clk 0:16:08]} 10. c3 {[%clk 0:15:59]} Qc7 {[%clk 0:16:14]}
11. Qe2 {[%clk 0:15:40]} h6 {[%clk 0:16:07]} 12. Nc4 {[%clk 0:15:26]} Be6
{[%clk 0:16:04]} 13. Nh4 {[%clk 0:15:16]} Rfd8 {[%clk 0:15:22]} 14. f4
{[%clk 0:13:52]} exf4 {[%clk 0:14:31]} 15. Bxf4 {[%clk 0:13:54]} Qc8
{[%clk 0:14:25]} 16. Nf5 {[%clk 0:13:35]} Bxf5 {[%clk 0:13:21]} 17. exf5
{[%clk 0:13:14]} Nd5 {[%clk 0:13:22]} 18. Bxd5 {[%clk 0:12:02]} Rxd5
{[%clk 0:13:30]} 19. Ne3 {[%clk 0:12:11]} Rd8 {[%clk 0:12:59]} 20. Qh5
{[%clk 0:10:29]} Bf8 {[%clk 0:10:01]} 21. Rad1 {[%clk 0:09:28]} Rxd1
{[%clk 0:09:55]} 22. Rxd1 {[%clk 0:09:36]} Qe8 {[%clk 0:09:23]} 23. Qf3
{[%clk 0:08:21]} Rd8 {[%clk 0:09:10]} 24. Rxd8 {[%clk 0:08:00]} Qxd8
{[%clk 0:09:16]} 25. Qd5 {[%clk 0:08:09]} Qb6 {[%clk 0:08:08]} 26. Nc4
{[%clk 0:07:15]} Qa6 {[%clk 0:08:08]} 27. Bd6 {[%clk 0:07:21]} Qxa2
{[%clk 0:07:24]} 28. Bxf8 {[%clk 0:07:14]} Kxf8 {[%clk 0:07:31]} 29. Qxc5+
{[%clk 0:07:15]} Kg8 {[%clk 0:07:37]} 30. Kg2 {[%clk 0:06:24]} 1/2-1/2

[Event "Team Championship of Russia (rapid)"]
[Site "Sochi"]
[Date "2015.05.08"]
[Round "3.10"]
[White "Ivanov, Alexander Al."]
[Black "Matlakov, Maxim"]
[Result "0-1"]
[LiveChessVersion "1.4.4"]
[BlackElo "2647"]
[WhiteElo "2407"]
[BlackTeam "The Bronze Horseman"]
[WhiteTeam "SHK Rakita"]

1. e4 {[%clk 0:15:14]} c5 {[%clk 0:15:15]} 2. Nf3 {[%clk 0:15:23]} e6
{[%clk 0:15:22]} 3. g3 {[%clk 0:15:29]} Nc6 {[%clk 0:15:29]} 4. Bg2
{[%clk 0:15:38]} Nf6 5. d3 d5 {[%clk 0:15:33]} 6. Qe2 {[%clk 0:15:50]} Be7
{[%clk 0:15:40]} 7. O-O {[%clk 0:15:58]} O-O {[%clk 0:15:48]} 8. Re1
{[%clk 0:16:07]} b5 {[%clk 0:15:49]} 9. a4 {[%clk 0:16:05]} b4 {[%clk 0:15:26]}
10. Nbd2 {[%clk 0:15:48]} Ba6 {[%clk 0:15:09]} 11. b3 {[%clk 0:15:46]} Rc8
{[%clk 0:10:20]} 12. Bb2 {[%clk 0:12:06]} dxe4 {[%clk 0:10:16]} 13. Nxe4
{[%clk 0:12:11]} Nd4 {[%clk 0:10:24]} 14. Bxd4 {[%clk 0:12:12]} cxd4
{[%clk 0:10:31]} 15. Nxf6+ {[%clk 0:12:20]} Bxf6 {[%clk 0:10:37]} 16. Rac1
{[%clk 0:12:28]} Rc3 {[%clk 0:08:56]} 17. Nd2 {[%clk 0:12:30]} Qc7
{[%clk 0:08:56]} 18. Nc4 {[%clk 0:12:38]} Bxc4 {[%clk 0:08:51]} 19. bxc4
{[%clk 0:12:16]} Qd7 {[%clk 0:08:29]} 20. Ra1 {[%clk 0:12:12]} Ra3
{[%clk 0:08:14]} 21. Reb1 {[%clk 0:09:47]} Qxa4 {[%clk 0:08:10]} 22. Qd1
{[%clk 0:09:42]} Rc8 {[%clk 0:07:40]} 23. Rc1 {[%clk 0:06:11]} h6
{[%clk 0:07:13]} 24. h4 {[%clk 0:06:17]} a5 {[%clk 0:06:49]} 25. Bb7
{[%clk 0:06:16]} Rc5 {[%clk 0:06:15]} 26. Ba6 {[%clk 0:06:08]} Qc6
{[%clk 0:06:15]} 27. Bb5 {[%clk 0:05:26]} Qb7 {[%clk 0:06:11]} 28. Rxa3
{[%clk 0:04:52]} bxa3 {[%clk 0:06:19]} 29. Ra1 {[%clk 0:05:01]} Be7
{[%clk 0:06:26]} 30. Qg4 {[%clk 0:03:39]} Re5 {[%clk 0:06:20]} 31. Qd1
{[%clk 0:01:27]} Bb4 {[%clk 0:06:11]} 0-1

[Event "Team Championship of Russia (rapid)"]
[Site "Sochi"]
[Date "2015.05.08"]
[Round "3.11"]
[White "Fedoseev, Vladimir"]
[Black "Khoroshilov, Nikita"]
[Result "1-0"]
[LiveChessVersion "1.4.4"]
[BlackElo "2283"]
[WhiteElo "2659"]
[BlackTeam "SHK Rakita"]
[WhiteTeam "The Bronze Horseman"]

1. e4 {[%clk 0:15:19]} g6 {[%clk 0:15:14]} 2. d4 {[%clk 0:15:27]} d6
{[%clk 0:15:20]} 3. Nc3 {[%clk 0:15:35]} Nf6 {[%clk 0:15:29]} 4. Bg5
{[%clk 0:15:30]} Bg7 {[%clk 0:15:20]} 5. Qd2 {[%clk 0:15:39]} h6 {[%clk 0:14:29]}
6. Bf4 {[%clk 0:15:48]} g5 {[%clk 0:14:34]} 7. Bg3 {[%clk 0:15:52]} Nh5
{[%clk 0:14:40]} 8. Bc4 {[%clk 0:16:01]} Nc6 {[%clk 0:14:28]} 9. Nge2
{[%clk 0:16:10]} Bd7 {[%clk 0:14:19]} 10. O-O-O {[%clk 0:15:45]} e6
{[%clk 0:14:05]} 11. d5 {[%clk 0:15:54]} Ne5 {[%clk 0:12:07]} 12. Bb3
{[%clk 0:16:03]} Qe7 {[%clk 0:10:27]} 13. f3 {[%clk 0:16:11]} Nxg3
{[%clk 0:10:30]} 14. hxg3 {[%clk 0:16:19]} O-O-O {[%clk 0:10:01]} 15. Nd4
{[%clk 0:16:29]} Kb8 {[%clk 0:07:55]} 16. Kb1 {[%clk 0:16:37]} h5
{[%clk 0:04:28]} 17. a3 {[%clk 0:16:45]} a6 {[%clk 0:04:28]} 18. Qe3
{[%clk 0:16:12]} Qf6 {[%clk 0:04:03]} 19. Ka2 {[%clk 0:16:13]} Rdg8
{[%clk 0:04:00]} 20. Qe2 {[%clk 0:16:12]} Ng6 {[%clk 0:03:16]} 21. Qc4
{[%clk 0:16:18]} e5 {[%clk 0:02:55]} 22. Nc6+ {[%clk 0:16:14]} Kc8
{[%clk 0:01:47]} 23. Na5 {[%clk 0:16:12]} Kb8 {[%clk 0:01:02]} 24. Ba4
{[%clk 0:16:10]} Bxa4 {[%clk 0:00:56]} 25. Nxa4 {[%clk 0:16:16]} Qd8
{[%clk 0:00:41]} 26. Rd3 {[%clk 0:16:17]} Qc8 {[%clk 0:00:35]} 27. Rb3
{[%clk 0:16:24]} b6 {[%clk 0:00:16]} 28. Nc6+ {[%clk 0:16:02]} Kb7
{[%clk 0:00:21]} 29. Qb4 {[%clk 0:16:06]} b5 {[%clk 0:00:12]} 30. c4
{[%clk 0:16:14]} 1-0

[Event "Team Championship of Russia (rapid)"]
[Site "Sochi"]
[Date "2015.05.08"]
[Round "3.12"]
[White "Konaplev, Anton"]
[Black "Khairullin, Ildar"]
[Result "0-1"]
[LiveChessVersion "1.4.4"]
[BlackElo "2617"]
[WhiteElo "2033"]
[WhiteTeam "SHK Rakita"]

1. c4 {[%clk 0:15:19]} f5 {[%clk 0:15:13]} 2. Nf3 {[%clk 0:15:26]} Nf6
{[%clk 0:15:21]} 3. d4 {[%clk 0:15:33]} g6 {[%clk 0:15:26]} 4. Nc3
{[%clk 0:15:29]} Bg7 {[%clk 0:15:35]} 5. g3 {[%clk 0:15:28]} O-O {[%clk 0:15:42]}
6. Bg2 {[%clk 0:15:36]} d6 {[%clk 0:15:50]} 7. O-O {[%clk 0:15:40]} c6
{[%clk 0:15:56]} 8. Re1 {[%clk 0:15:38]} Ne4 {[%clk 0:15:59]} 9. Qc2
{[%clk 0:15:05]} Nxc3 {[%clk 0:16:06]} 10. Qxc3 {[%clk 0:15:11]} e5
{[%clk 0:14:05]} 11. dxe5 {[%clk 0:13:59]} dxe5 {[%clk 0:14:13]} 12. e4
{[%clk 0:13:57]} f4 {[%clk 0:14:12]} 13. b3 {[%clk 0:13:04]} Qe7 {[%clk 0:13:27]}
14. b4 {[%clk 0:12:09]} Bg4 {[%clk 0:11:52]} 15. Bb2 {[%clk 0:11:57]} Na6
{[%clk 0:10:10]} 16. b5 {[%clk 0:10:42]} Bxf3 {[%clk 0:08:22]} 17. Bxf3
{[%clk 0:10:40]} Nc7 {[%clk 0:08:31]} 18. bxc6 {[%clk 0:10:22]} bxc6
{[%clk 0:08:40]} 19. Ba3 {[%clk 0:10:26]} c5 {[%clk 0:08:49]} 20. Bg4
{[%clk 0:10:28]} h5 {[%clk 0:08:40]} 21. Bh3 {[%clk 0:10:30]} Ne6
{[%clk 0:07:49]} 22. Bxe6+ {[%clk 0:09:54]} Qxe6 {[%clk 0:07:58]} 23. Bxc5
{[%clk 0:07:38]} Rfc8 {[%clk 0:07:35]} 24. Ba3 {[%clk 0:07:11]} Rxc4
{[%clk 0:07:20]} 25. Qb3 {[%clk 0:07:05]} Rac8 {[%clk 0:07:23]} 26. Rac1
{[%clk 0:06:56]} Kh7 {[%clk 0:07:25]} 27. Rxc4 {[%clk 0:06:54]} Rxc4
{[%clk 0:07:33]} 28. Qb7 {[%clk 0:04:44]} Rd4 {[%clk 0:06:03]} 29. Bc5
{[%clk 0:03:00]} Rd2 {[%clk 0:02:24]} 30. Qb3 {[%clk 0:02:15]} Qg4
{[%clk 0:02:14]} 31. Bb4 {[%clk 0:01:43]} Rd7 {[%clk 0:02:03]} 32. Kg2
{[%clk 0:01:26]} Rb7 {[%clk 0:02:11]} 33. f3 {[%clk 0:01:21]} Qd7
{[%clk 0:02:11]} 34. Qc4 {[%clk 0:00:40]} Qa4 {[%clk 0:02:11]} 35. a3 a5
{[%clk 0:02:18]} 36. Qa6 {[%clk 0:00:18]} Rc7 {[%clk 0:01:30]} 37. Qxa5
{[%clk 0:00:13]} Rc2+ {[%clk 0:01:38]} 38. Kg1 {[%clk 0:00:11]} Qb3
{[%clk 0:01:46]} 39. Bd2 {[%clk 0:00:12]} Qd3 {[%clk 0:01:23]} 40. Rd1
{[%clk 0:00:11]} Qe2 {[%clk 0:01:32]} 41. Ra1 0-1

[Event "Team Championship of Russia (rapid)"]
[Site "Sochi"]
[Date "2015.05.08"]
[Round "3.13"]
[White "Alekseev, Evgeny"]
[Black "Zvjaginsev, Vadim"]
[Result "1/2-1/2"]
[LiveChessVersion "1.4.4"]
[BlackElo "2799"]
[WhiteElo "2801"]
[BlackTeam "SHSM-Our Heritage-2"]
[WhiteTeam "University"]

1. e4 {[%clk 0:15:19]} c5 {[%clk 0:15:19]} 2. Nf3 {[%clk 0:15:27]} Nc6
{[%clk 0:15:27]} 3. d4 {[%clk 0:15:27]} cxd4 {[%clk 0:15:35]} 4. Nxd4
{[%clk 0:15:35]} g6 {[%clk 0:15:37]} 5. c4 {[%clk 0:15:37]} Nf6 {[%clk 0:15:46]}
6. Nc3 {[%clk 0:15:41]} d6 {[%clk 0:15:54]} 7. Be2 {[%clk 0:15:21]} Nxd4
{[%clk 0:16:00]} 8. Qxd4 {[%clk 0:15:29]} Bg7 {[%clk 0:16:09]} 9. Be3
{[%clk 0:15:33]} O-O {[%clk 0:16:17]} 10. Qd2 {[%clk 0:15:41]} Be6
{[%clk 0:16:25]} 11. Rc1 {[%clk 0:15:29]} Qa5 {[%clk 0:16:31]} 12. f3
{[%clk 0:14:58]} Rfc8 {[%clk 0:16:37]} 13. b3 {[%clk 0:15:05]} Rab8
{[%clk 0:16:39]} 14. Nb5 {[%clk 0:14:37]} Qxd2+ {[%clk 0:16:41]} 15. Kxd2
{[%clk 0:14:42]} a6 {[%clk 0:16:41]} 16. Nc3 {[%clk 0:13:18]} Bd7
{[%clk 0:16:20]} 17. a4 {[%clk 0:11:26]} Be8 {[%clk 0:15:09]} 18. a5
{[%clk 0:10:38]} Nd7 {[%clk 0:13:43]} 19. Nd5 {[%clk 0:10:33]} Kf8
{[%clk 0:13:46]} 20. Rhd1 {[%clk 0:09:58]} e6 {[%clk 0:13:42]} 21. Nc3
{[%clk 0:09:32]} Nc5 {[%clk 0:09:56]} 22. Kc2 {[%clk 0:09:36]} b6
{[%clk 0:09:50]} 23. Rxd6 {[%clk 0:08:11]} bxa5 {[%clk 0:09:51]} 24. Bxc5
{[%clk 0:08:13]} Rxc5 {[%clk 0:09:59]} 25. Rxa6 {[%clk 0:08:21]} Be5
{[%clk 0:09:16]} 26. Ra1 {[%clk 0:06:18]} Bc7 {[%clk 0:07:46]} 27. h3
{[%clk 0:05:21]} h5 {[%clk 0:06:47]} 28. g4 {[%clk 0:05:24]} h4 {[%clk 0:06:46]}
29. f4 {[%clk 0:03:10]} Bc6 {[%clk 0:06:32]} 30. e5 {[%clk 0:02:57]} g5
{[%clk 0:05:28]} 31. fxg5 {[%clk 0:02:09]} Bb7 {[%clk 0:05:34]} 32. Rd6
{[%clk 0:01:31]} Bxd6 {[%clk 0:05:26]} 33. exd6 {[%clk 0:01:40]} Rxg5
{[%clk 0:04:57]} 1/2-1/2